Statystyki dla Największe gospodarki w Azji

Kliknij tutaj aby rozwiązać quiz!

Ogólne statystyki

  • Ten quiz został rozwiązany 13 581 razy
  • Średni wynik to 8 z 10

Statystyki odpowiedzi

PKBPaństwo% Poprawnych
30.2 blnChiny
100%
6.11 blnJaponia
97%
11.7 blnIndie
96%
4.00 blnIndonezja
84%
3.21 blnTurcja
82%
2.00 blnArabia Saudyjska
81%
2.74 blnKorea Południowa
74%
1.57 blnIran
71%
1.60 blnTajwan
70%
1.48 blnTajlandia
61%

Rozkład punktacji

Percentyl według liczby udzielonych odpowiedzi

Procent ludzi z każdym wynikiem

Twoja historia wyników

Nie rozwiązałeś tego quizu